| 000 | 01054nam a2200205 a 4500 | ||
|---|---|---|---|
| 001 | 43423 | ||
| 005 | 20180714021935.0 | ||
| 008 | 140415s2001 mx 000 0 spa d | ||
| 020 | _a9706135952 | ||
| 041 | _aspa | ||
| 082 |
_a001.42 _bSOM |
||
| 100 | 1 | _aSOMMER, BARBARA | |
| 245 | 1 | 3 |
_aLA INVESTIGACION DEL COMPORTAMIENTO : _bUNA GUIA PRACTICA CON TECNICAS Y HERRAMIENTAS |
| 250 | _a1a ed. | ||
| 260 |
_aMEXICO : _bOXFORD UNIVERSITY PRESS MEXICO, _c2001 |
||
| 300 |
_a468 _cx 17 x 23 |
||
| 520 | _aUNO DE LOS ASPECTOS MÁS DESTACADOS DE ESTA OBRA ES SU EVIDENTE SENSIBILIDAD HACIA LAS NECESIDADES E INQUIETUDES DE LOS ESTUDIANTES. PRUEBA DE ELLO ES LA INCLUSIÓN DE ESTUDIOS QUE ILUSTRAN ASPECTOS TEÓRICOS YMETODOLÓGICOS, CON EJERCICIOS PRÁCTICOS INTELIGENTES AL FINAL DE LOS CAPÍTULOS Y LA EXPOSICIÓN CLARA Y DIRECTA DE LOS TEMAS. ESTE ES UN LIBRO DE CONSULTA FÁCIL DE LEER QUE ABARCA TODOS LOS ASPECTOS FUNDAMENTALES. MUY CLARO Y EXTENSO DE TE | ||
| 650 | 1 | 4 |
_aINVESTIGACION _xMETODOLOGIA |
| 700 | 1 |
_aSOMMER, ROBERT _ecoaut. |
|
| 999 |
_c43423 _d43423 |
||